000
00357nam a2200157Ia 4500
003
OSt
005
20240104102345.0
008
170524s9999 xx 000 0 und d
020
_a
9780070620049
040
_c
IIMT UNIVERSITY
100
_a
HARTMAN LAURAP
100
_c
2011
245
0
_a
PERSPECTIVES IN BUSINESS ETHICS
260
_a
TMH
942
_2
ddc
_c
02
999
_c
2652
_d
2652